000 00556nam a22001817a 4500
005 20240613033818.0
008 240613b |||||||| |||| 00| 0 eng d
020 _a9786245529070
082 _222
_a331
_bTEA
100 _aMythri Jegathesan
245 _aTea and Solidarity
_bTamil Women and work in postwar Sri Lanka
_cMythri Jegathesan
260 _aColombo
_bTambapanni Academic Publishers
_c2023
300 _axxvii, 261 p .,
650 _aWomen tea plantation workers
650 _aTamil - Sri Lanka Social
650 _aMalaiyah Tamil
942 _cL
999 _c5897
_d5897